[Event "3. Hrvatska liga zapad 2017."]
[Site "Pula, Gospić, Rijeka"]
[Date "2017.03.25"]
[Round "1.1"]
[White "Zufic, Zeljko"]
[Black "Zoricic, Marijan"]
[Result "1-0"]
[WhiteElo "2209"]
[BlackElo "2055"]
[PlyCount "120"]
[EventDate "2017.03.25"]

1. d4 Nf6 2. c4 e5 3. dxe5 Ng4 4. Nf3 Nc6 5. Bf4 Bb4+ 6. Nbd2 Qe7 7. e3 Ngxe5
8. Nxe5 Nxe5 9. Be2 O-O 10. O-O Bxd2 11. Qxd2 d6 12. Rfe1 b6 13. e4 Bb7 14. f3
Qe6 15. Rac1 a5 16. b3 Rfe8 17. Bf1 Qg6 18. Kh1 Re6 19. Bg3 Nd7 20. Bd3 Qh5 21.
Kg1 Rae8 22. Qf4 Ne5 23. Be2 Ng6 24. Qd2 Qc5+ 25. Kf1 Rf6 26. Bd3 Qd4 27. Qc3
Qc5 28. Rcd1 Qh5 29. Bc2 Nh4 30. Re3 Rfe6 31. Rde1 Qh6 32. Kf2 Ng6 33. a3 Qg5
34. b4 axb4 35. axb4 h5 36. h4 Qe7 37. Bb3 Nxh4 38. c5 Rg6 39. cxd6 cxd6 40.
Rg1 Rh6 41. Qd4 Ng6 42. Qxd6 h4 43. Bh2 Qxd6 44. Bxd6 Ne5 45. Rd1 h3 46. gxh3
Rxh3 47. Bc7 Rh6 48. Bxe5 Rxe5 49. Rd7 Ba6 50. Rxf7 Kh7 51. Rc3 Rg5 52. Ke3 Rh2
53. Kf4 Rg6 54. Bc2 Rgg2 55. Rfc7 Rh4+ 56. Kf5 Bb5 57. Ke5 Rf2 58. Rf7 Rhh2 59.
Bb3 Rh5+ 60. Rf5 Be2 1-0

[Event "3. Hrvatska liga zapad 2017."]
[Site "Pula, Gospić, Rijeka"]
[Date "2017.03.25"]
[Round "1.1"]
[White "Fele, Vladimir"]
[Black "Konic, Zlatko"]
[Result "0-1"]
[WhiteElo "1925"]
[BlackElo "2097"]
[PlyCount "63"]
[EventDate "2017.03.25"]

1. d4 Nf6 2. c4 e6 3. Nc3 d5 4. Bf4 Be7 5. e3 a6 6. c5 O-O 7. Bd3 Nbd7 8. Nf3
Re8 9. O-O Nh5 10. Bg3 Nxg3 11. fxg3 Bf6 12. Qc2 h6 13. Rae1 c6 14. Ne2 e5 15.
dxe5 Nxe5 16. Nxe5 Rxe5 17. e4 dxe4 18. Bxe4 Qe7 19. Nf4 Qxc5+ 20. Qxc5 Rxc5
21. b4 Re5 22. Nd3 Rg5 23. Rf4 Be6 24. Kf2 Bxa2 25. h4 Rb5 26. Nc1 Be6 27. Bd3
Re5 28. Rd1 Re8 29. Rd2 Bd5 30. Ne2 Bd8 31. Nd4 Bb6 32. g4 0-1

[Event "3. Hrvatska liga zapad 2017."]
[Site "Pula, Gospić, Rijeka"]
[Date "2017.03.25"]
[Round "1.1"]
[White "Pasalic, Enio"]
[Black "Djuric, Petar"]
[Result "0-1"]
[WhiteElo "2002"]
[BlackElo "1918"]
[PlyCount "60"]
[EventDate "2017.03.25"]

1. d4 Nf6 2. Nf3 d5 3. c4 c6 4. Nc3 e6 5. e3 Bd6 6. Bd3 O-O 7. O-O Nbd7 8. b3
Qe7 9. Qc2 h6 10. Bb2 b6 11. cxd5 exd5 12. Rfe1 Bb7 13. e4 dxe4 14. Nxe4 Nxe4
15. Bxe4 Qd8 16. Bxc6 Rc8 17. d5 Nb8 18. Qc3 f6 19. Nd4 Be5 20. Rxe5 fxe5 21.
Ne6 Qf6 22. Qg3 Nxc6 23. dxc6 Rxc6 24. Bxe5 Qe7 25. Bxg7 Qxe6 26. Bf6+ Kf7 27.
Qg7+ Ke8 28. Qg6+ Kd7 29. Rd1+ Kc8 30. Qg7 Qxf6 0-1

[Event "3. Hrvatska liga zapad 2017."]
[Site "Pula, Gospić, Rijeka"]
[Date "2017.03.25"]
[Round "1.1"]
[White "Jurman, Nenad"]
[Black "Siljan, Milorad"]
[Result "0-1"]
[WhiteElo "1814"]
[BlackElo "1997"]
[PlyCount "90"]
[EventDate "2017.03.25"]

1. Nf3 Nf6 2. d4 e6 3. e3 b6 4. Bd3 Bb7 5. Nbd2 d5 6. b3 Bd6 7. Bb2 O-O 8. O-O
Ne4 9. c4 Nd7 10. Qc2 f5 11. Ne5 Nxd2 12. Qxd2 Nf6 13. f4 Qe8 14. Rac1 dxc4 15.
Nxc4 Ne4 16. Qe2 Qe7 17. Rf3 a5 18. a4 Nf6 19. Rg3 Bd5 20. Nd2 Bb4 21. Nc4 Rab8
22. Ne5 c5 23. Nc4 Be4 24. dxc5 Bxd3 25. Qxd3 Bxc5 26. Qc3 Rb7 27. Qc2 Rd8 28.
h3 Nh5 29. Rf3 Rbd7 30. Kh2 Rd3 31. Re1 Qb7 32. Nxa5 bxa5 33. Qxc5 Rd2 34. Bc3
Qxf3 35. Bxd2 Qg3+ 36. Kg1 Nf6 37. Qxa5 Rd5 38. Bc3 Rxa5 39. Bxa5 Nd5 40. Bd2
e5 41. Re2 exf4 42. exf4 Qxb3 43. a5 Qa4 44. Rf2 Nf6 45. Rf1 Qd4+ 0-1

[Event "3. Hrvatska liga zapad 2017."]
[Site "Pula, Gospić, Rijeka"]
[Date "2017.03.25"]
[Round "1.1"]
[White "Marceta, Milan"]
[Black "Zbasnik, Zeljko"]
[Result "1-0"]
[WhiteElo "1973"]
[BlackElo "1805"]
[PlyCount "73"]
[EventDate "2017.03.25"]

1. e4 Nc6 2. Nf3 e5 3. Bb5 d6 4. h3 Bd7 5. O-O Nf6 6. d3 h6 7. c4 Be7 8. Nc3 a6
9. Ba4 O-O 10. Be3 Na7 11. Bc2 c5 12. Nh2 b5 13. f4 exf4 14. Bxf4 b4 15. Nd5
Nc6 16. Nf3 Nxd5 17. exd5 Na5 18. b3 Nb7 19. d4 Bf6 20. Qd3 g6 21. Bxh6 Re8 22.
Rae1 Rxe1 23. Rxe1 Bf5 24. Qd2 Bxc2 25. Qxc2 Qd7 26. Qe4 cxd4 27. Nxd4 Nc5 28.
Qe3 Be5 29. Nc6 Re8 30. Kh1 Qf5 31. Nxb4 Kh7 32. Bf4 f6 33. g4 Qd7 34. Nc6 g5
35. Bxe5 fxe5 36. Qxg5 Rf8 37. Ne7 1-0

[Event "3. Hrvatska liga zapad 2017."]
[Site "Pula, Gospić, Rijeka"]
[Date "2017.03.25"]
[Round "1.1"]
[White "Haidinger, Erik"]
[Black "Mrdjen, David"]
[Result "1-0"]
[WhiteElo "1710"]
[BlackElo "1907"]
[PlyCount "71"]
[EventDate "2017.03.25"]

1. c4 Nf6 2. g3 d5 3. Bg2 c6 4. Nf3 e6 5. O-O Be7 6. Qc2 Nbd7 7. d4 h5 8. Nbd2
h4 9. Nxh4 Ng4 10. Nhf3 f5 11. h3 Ngf6 12. Ng5 Nf8 13. Ndf3 N6d7 14. cxd5 cxd5
15. Bf4 Bf6 16. Qc7 Bxg5 17. Nxg5 Qe7 18. h4 Ng6 19. Rac1 O-O 20. Bd6 Qf6 21.
Bxf8 Ngxf8 22. e3 b6 23. Rc6 Ba6 24. Rfc1 Rc8 25. Qxa7 Rxc6 26. Rxc6 Bb5 27.
Rd6 Qe7 28. Rxb6 Qb4 29. Rxb5 Qxb5 30. Qa3 Qc6 31. Qc3 Qa4 32. Qc8 f4 33. Nxe6
Qd1+ 34. Kh2 f3 35. Nxf8 Nxf8 36. Qg4 1-0

[Event "3. Hrvatska liga zapad 2017."]
[Site "Pula, Gospić, Rijeka"]
[Date "2017.03.25"]
[Round "1.2"]
[White "Kukuljan, Vlatko"]
[Black "Vujnovic, Patricija"]
[Result "1/2-1/2"]
[WhiteElo "2025"]
[BlackElo "2125"]
[PlyCount "92"]
[EventDate "2017.03.25"]

1. d4 e6 2. Nf3 f5 3. Bf4 Nf6 4. e3 Be7 5. h3 O-O 6. Bc4 d5 7. Bb3 Ne4 8. Ne5
Nd7 9. Nd2 c5 10. c3 cxd4 11. exd4 Bg5 12. Nxd7 Bxd7 13. g3 Bxf4 14. gxf4 Qh4
15. Qf3 Bc6 16. Rh2 Nf6 17. Qg3 Qh6 18. Bd1 Ne4 19. Qe3 Rf6 20. Be2 Be8 21.
O-O-O Bh5 22. Bxh5 Qxh5 23. Rg1 Rg6 24. Rhg2 Rxg2 25. Rxg2 Re8 26. Kc2 Nxd2 27.
Kxd2 Re7 28. Rg5 Qe8 29. Qe5 h6 30. Rg3 a6 31. Kc2 Qa4+ 32. Kc1 Kh7 33. a3 Qc4
34. Qe1 Qc7 35. Qe3 Qb8 36. Rg1 Qe8 37. Qe5 Qh5 38. Rg3 Qe8 39. Qe2 Qb8 40. Qe3
Qe8 41. Qf3 Rf7 42. Qe2 Rf6 43. Qe5 Rg6 44. Qe2 Rf6 45. Re3 Qb8 46. Re5 Qd6
1/2-1/2

[Event "3. Hrvatska liga zapad 2017."]
[Site "Pula, Gospić, Rijeka"]
[Date "2017.03.25"]
[Round "1.2"]
[White "Sercer, Zoran"]
[Black "Jerkovic, Maroje"]
[Result "1/2-1/2"]
[WhiteElo "2091"]
[BlackElo "2083"]
[PlyCount "52"]
[EventDate "2017.03.25"]

1. e4 e5 2. Nf3 Nc6 3. Nc3 Nf6 4. d4 exd4 5. Nxd4 Bb4 6. Nxc6 bxc6 7. Bd3 d5 8.
exd5 cxd5 9. O-O O-O 10. Bg5 c6 11. Qf3 Rb8 12. Bxf6 Qxf6 13. Qxf6 gxf6 14. Ne2
Bd6 15. Rab1 c5 16. c3 Re8 17. Ng3 Bxg3 18. fxg3 Re3 19. Rf3 Re6 20. Bf5 Ra6
21. Bxc8 Rxc8 22. Rd3 d4 23. a3 Re6 24. Rc1 Rb8 25. Rc2 dxc3 26. Rdxc3 Re1+
1/2-1/2

[Event "3. Hrvatska liga zapad 2017."]
[Site "Pula, Gospić, Rijeka"]
[Date "2017.03.25"]
[Round "1.2"]
[White "Ban, Ivoslav"]
[Black "Tomac, Vanja"]
[Result "0-1"]
[WhiteElo "2009"]
[BlackElo "1926"]
[PlyCount "80"]
[EventDate "2017.03.25"]

1. e4 d5 2. exd5 Qxd5 3. Nf3 c6 4. d4 Bg4 5. Be2 Nf6 6. h3 Bh5 7. Be3 Qa5+ 8.
c3 e6 9. O-O Nd5 10. Nbd2 Nd7 11. Nc4 Qc7 12. Nfe5 Bxe2 13. Qxe2 Nxe5 14. Nxe5
Bd6 15. Nc4 Bf4 16. Bxf4 Qxf4 17. Ne5 O-O 18. Rae1 Rfe8 19. Qc2 Qg5 20. Nf3 Qg6
21. Qd2 f6 22. Re2 Re7 23. Rfe1 Rae8 24. c4 Nb6 25. b3 Nc8 26. c5 Qf7 27. Qc3
Qh5 28. Re4 Qd5 29. Qe3 b6 30. cxb6 axb6 31. Rc1 Nd6 32. Rg4 Nf5 33. Qc3 h5 34.
Rf4 g5 35. Rxf5 exf5 36. Qxc6 Qxc6 37. Rxc6 Re6 38. d5 Rxc6 39. dxc6 Rd8 40.
Nd4 Rxd4 0-1

[Event "3. Hrvatska liga zapad 2017."]
[Site "Pula, Gospić, Rijeka"]
[Date "2017.03.25"]
[Round "1.2"]
[White "Acinger, Zeljko"]
[Black "Petric, Ivica"]
[Result "1-0"]
[WhiteElo "1937"]
[BlackElo "1951"]
[PlyCount "101"]
[EventDate "2017.03.25"]

1. e4 c5 2. Nf3 d6 3. d4 cxd4 4. Nxd4 Nf6 5. Nc3 Nc6 6. Be2 e6 7. O-O Be7 8.
Be3 O-O 9. Kh1 a6 10. a4 Qc7 11. f4 Bd7 12. Bf3 Rac8 13. Nxc6 Bxc6 14. a5 Nd7
15. Ne2 Nc5 16. Ng3 Rfd8 17. b4 Nd7 18. c4 b5 19. axb6 Nxb6 20. Qb3 Bb7 21. c5
dxc5 22. bxc5 Nd7 23. c6 Bxc6 24. Rxa6 Nc5 25. Bxc5 Bxc5 26. Rc1 Qb7 27. Qxb7
Bxb7 28. Raa1 Be3 29. Rxc8 Rxc8 30. f5 e5 31. h3 f6 32. Nf1 Rc1 33. Rxc1 Bxc1
34. Kg1 Kf7 35. Kf2 Ke7 36. Ng3 g6 37. Ne2 Bb2 38. g4 Kd6 39. h4 Bd4+ 40. Nxd4
exd4 41. e5+ Kxe5 42. fxg6 hxg6 43. Bxb7 Kf4 44. Bf3 f5 45. g5 d3 46. Bd1 d2
47. Be2 Ke5 48. Ke3 Kd5 49. Kxd2 f4 50. Bd3 Kd4 51. Bxg6 1-0

[Event "3. Hrvatska liga zapad 2017."]
[Site "Pula, Gospić, Rijeka"]
[Date "2017.03.25"]
[Round "1.2"]
[White "Relja, Marin"]
[Black "Galic, Simeun"]
[Result "0-1"]
[WhiteElo "1994"]
[BlackElo "1862"]
[PlyCount "118"]
[EventDate "2017.03.25"]

1. Nf3 Nc6 2. d4 d5 3. g3 h6 4. Bg2 Bf5 5. O-O e6 6. a3 Bd6 7. Nbd2 g5 8. e3 h5
9. h4 gxh4 10. Nxh4 Bg4 11. Bf3 Qg5 12. Re1 Nh6 13. Nf1 Rg8 14. Bxg4 Nxg4 15.
Nf3 Qg6 16. Nh4 Qf6 17. Qf3 Qe7 18. b4 O-O-O 19. Bd2 Nxe3 20. Bxe3 Qxh4 21.
Qxf7 Qh3 22. Qf3 h4 23. Qg2 Qf5 24. Re2 Rg6 25. Rae1 Rdg8 26. Kh2 hxg3+ 27.
fxg3 Bxg3+ 28. Nxg3 Rxg3 29. Qxg3 Rxg3 30. Kxg3 b6 31. c3 e5 32. b5 Na5 33.
dxe5 Qxe5+ 34. Bf4 Qxc3+ 35. Re3 Qg7+ 36. Kf3 Kd7 37. Re5 c6 38. bxc6+ Kxc6 39.
a4 Nc4 40. Re7 Qc3+ 41. Kg4 Kc5 42. Rc7+ Kb4 43. Rb1+ Ka3 44. Rxa7 Ka2 45. Rc1
Qd4 46. Re7 Ka3 47. Re2 Qg7+ 48. Kf3 Qf6 49. a5 bxa5 50. Rb1 a4 51. Rb7 d4 52.
Rc7 d3 53. Re1 d2 54. Rd1 Qd4 55. Rxc4 Qxc4 56. Rxd2 Kb3 57. Ke3 Qc5+ 58. Ke4
Qc4+ 59. Kf5 Qf1 0-1

[Event "3. Hrvatska liga zapad 2017."]
[Site "Pula, Gospić, Rijeka"]
[Date "2017.03.25"]
[Round "1.2"]
[White "Klaric, Nikolina"]
[Black "Dizdarevic, Mirsad"]
[Result "0-1"]
[WhiteElo "1733"]
[BlackElo "1841"]
[PlyCount "106"]
[EventDate "2017.03.25"]

1. c4 g6 2. Nc3 Bg7 3. g3 Nf6 4. Bg2 O-O 5. Nf3 d6 6. O-O Nc6 7. d3 Re8 8. h3
e5 9. Be3 e4 10. dxe4 Nxe4 11. Nxe4 Rxe4 12. Nd2 Re8 13. Qb3 Na5 14. Qa3 c5 15.
Rac1 Nc6 16. Ne4 Bf5 17. Nc3 a5 18. Nb5 Be4 19. Rfd1 Bxg2 20. Kxg2 b6 21. Rxd6
Qe7 22. Kh2 Rac8 23. Rc2 Be5 24. Rd1 Rcd8 25. Rxd8 Rxd8 26. Rd2 h5 27. Rxd8+
Qxd8 28. h4 Qxh4+ 29. Kg2 Qxc4 30. Qd3 Qxd3 31. exd3 Bxb2 32. Nd6 Nb4 33. Nc8
Nd5 34. Kf3 f5 35. Nd6 Be5 36. Nc4 Bc7 37. Bd2 Kf7 38. a3 Ke6 39. Kg2 Ne7 40.
Kh3 Nc6 41. Kh4 b5 42. Nb2 Bd8+ 43. Bg5 Bf6 44. Nd1 Nd4 45. Bxf6 Kxf6 46. Nb2
Nf3+ 47. Kh3 g5 48. Kg2 Nd4 49. f3 a4 50. Nd1 Nc2 51. Nc3 Nxa3 52. Kf2 Ke5 53.
Ke2 h4 0-1

[Event "3. Hrvatska liga zapad 2017."]
[Site "Pula, Gospić, Rijeka"]
[Date "2017.03.25"]
[Round "1.3"]
[White "Dimitrijevic, Sinisa"]
[Black "Pavicic, Tomislav"]
[Result "0-1"]
[WhiteElo "2027"]
[BlackElo "2095"]
[PlyCount "76"]
[EventDate "2017.03.25"]

1. d4 Nf6 2. c4 c5 3. d5 e6 4. Nc3 exd5 5. cxd5 Bd6 6. e4 O-O 7. Nf3 Re8 8. Bd3
Bc7 9. O-O d6 10. h3 a6 11. a4 Nbd7 12. Bf4 Nf8 13. Nd2 Rb8 14. Re1 Ng6 15. Bg3
Ne5 16. Bf1 Bd7 17. Bxe5 Rxe5 18. Nc4 Re8 19. e5 dxe5 20. d6 Ba5 21. Nxe5 Be6
22. Bc4 Bxc3 23. bxc3 Bxc4 24. Nxc4 Rxe1+ 25. Qxe1 b5 26. axb5 axb5 27. Ne3
Qxd6 28. Ra7 Qe5 29. Qd2 h6 30. Qa2 c4 31. Qa5 Ne4 32. Ng4 Qxc3 33. Qc7 Rf8 34.
Qe7 Qc1+ 35. Kh2 Qf4+ 36. g3 Qf3 37. Ra2 Ng5 38. Ne5 Qe4 0-1

[Event "3. Hrvatska liga zapad 2017."]
[Site "Pula, Gospić, Rijeka"]
[Date "2017.03.25"]
[Round "1.3"]
[White "Bakija, Davor"]
[Black "Vrhovnik, Damir"]
[Result "0-1"]
[WhiteElo "1991"]
[BlackElo "2049"]
[PlyCount "108"]
[EventDate "2017.03.25"]

1. e4 c5 2. Nf3 d6 3. d4 cxd4 4. Nxd4 Nf6 5. f3 Nc6 6. c4 g6 7. Nc3 Nxd4 8.
Qxd4 Bg7 9. Be3 O-O 10. Qd2 Be6 11. Be2 Qa5 12. O-O Rfc8 13. b3 a6 14. Rac1 b5
15. Nd5 Qxd2 16. Bxd2 Bxd5 17. cxd5 Nd7 18. Rxc8+ Rxc8 19. Rc1 Bd4+ 20. Kf1
Rxc1+ 21. Bxc1 e6 22. dxe6 fxe6 23. Bd2 Kf7 24. Bb4 Bc5 25. Ba5 Bb6 26. Bxb6
Nxb6 27. Kf2 Nd7 28. Ke3 e5 29. Kd2 Ke6 30. Kc3 d5 31. exd5+ Kxd5 32. a4 bxa4
33. Bc4+ Kc5 34. bxa4 a5 35. Bb5 Nb6 36. Be8 Nd5+ 37. Kd3 Kb4 38. g3 Nc3 39. h4
Nxa4 40. Ke4 Nc3+ 41. Kxe5 Nb5 42. g4 a4 43. f4 a3 44. Bf7 Kc3 45. Kf6 Nd4 46.
Kg7 Nb3 47. Bxb3 Kxb3 48. Kxh7 a2 49. Kxg6 a1=Q 50. h5 Qh8 51. g5 Qg8+ 52. Kf5
Qf7+ 53. Kg4 Kc4 54. h6 Kd4 0-1

[Event "3. Hrvatska liga zapad 2017."]
[Site "Pula, Gospić, Rijeka"]
[Date "2017.03.25"]
[Round "1.3"]
[White "Rajter, Emil"]
[Black "Pilepic, Slobodan"]
[Result "1-0"]
[WhiteElo "1891"]
[BlackElo "1849"]
[PlyCount "121"]
[EventDate "2017.03.25"]

1. Nf3 Nf6 2. c4 g6 3. b3 Bg7 4. Bb2 O-O 5. g3 b6 6. Bg2 Bb7 7. d4 d6 8. O-O
Nbd7 9. Nc3 Ne4 10. Nxe4 Bxe4 11. Qd2 e6 12. Rad1 Qe7 13. Ne1 Bxg2 14. Nxg2 e5
15. dxe5 Bxe5 16. Bxe5 Qxe5 17. Nf4 Nf6 18. Nd5 Nxd5 19. cxd5 Rfe8 20. e3 a5
21. Qc2 Re7 22. Qc6 Rd8 23. Rd4 Qf5 24. Rc1 Qd7 25. Qc3 Qe8 26. h4 Rdd7 27. Qd3
f5 28. Qb5 Qf7 29. Rcc4 Re5 30. Qc6 Kg7 31. b4 axb4 32. Rxb4 Ree7 33. Ra4 Kh6
34. Rf4 Qf6 35. Qc1 Re5 36. e4 Kg7 37. Qc6 Rde7 38. Ra7 Qf7 39. Qc3 Kh6 40. g4
c5 41. Rxe7 Qxe7 42. g5+ Kg7 43. exf5 gxf5 44. Rxf5 Kg6 45. Rf6+ Kg7 46. Qd3
Re4 47. Qg3 Re5 48. Qf3 Re4 49. Qh5 Re1+ 50. Kg2 Qe4+ 51. Qf3 Qe7 52. h5 Re5
53. h6+ Kg8 54. Rf5 b5 55. Qf4 Re4 56. Rf8+ Qxf8 57. Qxe4 b4 58. f4 Qf7 59. f5
c4 60. g6 Qd7 61. g7 1-0

[Event "3. Hrvatska liga zapad 2017."]
[Site "Pula, Gospić, Rijeka"]
[Date "2017.03.25"]
[Round "1.3"]
[White "Desnica, Jovan"]
[Black "Duda, Daniel"]
[Result "0-1"]
[WhiteElo "1724"]
[BlackElo "1847"]
[PlyCount "102"]
[EventDate "2017.03.25"]

1. e4 c5 2. f4 e6 3. Nf3 d5 4. e5 Nc6 5. c3 Nh6 6. Bb5 Nf5 7. d3 Be7 8. O-O O-O
9. g4 Nh4 10. Nxh4 Bxh4 11. g5 Nxe5 12. fxe5 Bxg5 13. Qg4 Bxc1 14. Rxc1 Qb6 15.
c4 a6 16. Ba4 Qxb2 17. Nc3 f6 18. Rab1 Qd2 19. Qg3 fxe5 20. Rc2 Qf4 21. Rg2 g6
22. Ne2 Qxg3 23. Rxg3 b5 24. Bb3 Bb7 25. Re3 Rf5 26. Ng3 Rg5 27. Rbe1 e4 28.
cxd5 exd5 29. dxe4 c4 30. Bc2 d4 31. Rf3 Re8 32. Rf4 Rge5 33. h4 d3 34. Bd1 c3
35. Bb3+ Bd5 36. Rf3 d2 37. Ref1 Bxb3 38. Rxc3 d1=Q 39. Rxd1 Bxd1 40. Kf2 Bg4
41. Rd3 Rf8+ 42. Kg2 Rc5 43. Rd2 Rfc8 44. Kf2 Rc2 45. Ke3 R8c3+ 46. Rd3 Rxd3+
47. Kxd3 Rf2 48. Kd4 Rxa2 49. e5 Kf7 50. Ne4 Ra4+ 51. Ke3 Rxe4+ 0-1

[Event "3. Hrvatska liga zapad 2017."]
[Site "Pula, Gospić, Rijeka"]
[Date "2017.03.25"]
[Round "1.3"]
[White "Kvaternik, Sinisa"]
[Black "Saric, Husnija"]
[Result "0-1"]
[WhiteElo "1881"]
[BlackElo "1815"]
[PlyCount "62"]
[EventDate "2017.03.25"]

1. e4 c5 2. Nf3 e6 3. d4 cxd4 4. Nxd4 a6 5. a4 Nc6 6. Be3 Nf6 7. f3 d5 8. Nxc6
bxc6 9. e5 Nd7 10. f4 c5 11. c3 Bb7 12. Nd2 Be7 13. Nf3 Qc7 14. Be2 O-O 15. O-O
f6 16. exf6 Rxf6 17. Qc2 Rxf4 18. Bxf4 Qxf4 19. Qd2 Qd6 20. Bd3 h6 21. Bg6 e5
22. Rad1 Qxg6 23. Qe3 e4 24. Nd2 c4 25. Qh3 Bc5+ 26. Kh1 Ne5 27. b4 Ba7 28.
Rde1 Nd3 29. Re2 Bc8 30. Qh4 Bg4 31. Qg3 Bb8 0-1

[Event "3. Hrvatska liga zapad 2017."]
[Site "Pula, Gospić, Rijeka"]
[Date "2017.03.25"]
[Round "1.4"]
[White "Voscilla, Adriano"]
[Black "Troselj, Teo"]
[Result "0-1"]
[WhiteElo "2209"]
[BlackElo "2065"]
[PlyCount "48"]
[EventDate "2017.03.25"]

1. d4 d5 2. c4 c6 3. Nc3 e6 4. Nf3 f5 5. Bg5 Be7 6. Bxe7 Qxe7 7. e3 Nd7 8. Qc2
Qf6 9. Bd3 Ne7 10. O-O O-O 11. b4 a6 12. a4 Kh8 13. b5 dxc4 14. Bxc4 axb5 15.
axb5 Rxa1 16. Rxa1 e5 17. bxc6 bxc6 18. Ra7 e4 19. Nd2 Nb6 20. Ndxe4 fxe4 21.
Nxe4 Qh4 22. g3 Qh5 23. Rxe7 Nxc4 24. Qxc4 Bh3 0-1

[Event "3. Hrvatska liga zapad 2017."]
[Site "Pula, Gospić, Rijeka"]
[Date "2017.03.25"]
[Round "1.4"]
[White "Franciskovic, Vinko"]
[Black "Glavas, Loris"]
[Result "1/2-1/2"]
[WhiteElo "2056"]
[BlackElo "2108"]
[PlyCount "151"]
[EventDate "2017.03.25"]

1. e4 e6 2. d4 d5 3. e5 c5 4. dxc5 Bxc5 5. Bd3 Qb6 6. Qe2 Ne7 7. Nf3 Nbc6 8. c3
Ng6 9. O-O Bd7 10. Bg5 Be7 11. Bxg6 hxg6 12. Bf4 O-O-O 13. a4 f6 14. b4 g5 15.
a5 Qc7 16. exf6 Qxf4 17. fxe7 Nxe7 18. Qe5 Rh5 19. Nbd2 Rdh8 20. g3 Qxe5 21.
Nxe5 Rxh2 22. Ndf3 R2h5 23. Nxd7 Kxd7 24. Ne5+ Kc7 25. c4 Nc6 26. Nxc6 bxc6 27.
Kg2 g4 28. Rg1 d4 29. Kf1 d3 30. Ke1 Rb8 31. Rb1 Rxa5 32. Kd2 Ra2+ 33. Kxd3
Rxf2 34. Rh1 Rd8+ 35. Ke3 Rf3+ 36. Ke4 Rxg3 37. Ra1 Kb7 38. Rh7 Rd7 39. b5 c5
40. Re1 Rc3 41. Ke5 Rxc4 42. Kxe6 Rc7 43. Kd6 Rd4+ 44. Ke6 Kb6 45. Rb1 Rb4 46.
Ra1 Kxb5 47. Rh8 Rb7 48. Rh5 a5 49. Rc1 Rc7 50. Rh8 Rc6+ 51. Kd5 Rd4+ 52. Ke5
a4 53. Rb8+ Rb6 54. Rc8 Rc4 55. Rb1+ Rb4 56. Rc1 c4 57. Kd5 a3 58. Ra1 Rb3 59.
Rc5+ Ka6 60. Rxc4 R3b5+ 61. Kd4 Ra5 62. Rc3 a2 63. Rc2 Rb4+ 64. Ke3 Ra3+ 65.
Kf2 Kb6 66. Rcxa2 Rh3 67. Ra6+ Kb5 68. R6a5+ Kc4 69. R1a4 Rhb3 70. Rxb4+ Kxb4
71. Rg5 Rf3+ 72. Kg2 Rf4 73. Kg3 Rc4 74. Rxg7 Kc3 75. Rxg4 Rxg4+ 76. Kxg4
1/2-1/2

[Event "3. Hrvatska liga zapad 2017."]
[Site "Pula, Gospić, Rijeka"]
[Date "2017.03.25"]
[Round "1.4"]
[White "Antunovic, Ivo"]
[Black "Beric, Zeljko"]
[Result "1/2-1/2"]
[WhiteElo "2109"]
[BlackElo "1919"]
[PlyCount "64"]
[EventDate "2017.03.25"]

1. Nf3 e6 2. g3 f5 3. Bg2 Nf6 4. O-O Be7 5. d3 O-O 6. c4 Nc6 7. a3 a5 8. Nc3 d6
9. Rb1 Ng4 10. b4 axb4 11. axb4 Bf6 12. Bd2 g5 13. b5 Nce5 14. Nxe5 Nxe5 15.
Ra1 Rxa1 16. Qxa1 b6 17. Qa7 h5 18. Ra1 h4 19. Qb8 hxg3 20. hxg3 f4 21. gxf4
gxf4 22. Ra7 f3 23. Bxf3 Nxf3+ 24. exf3 Bxc3 25. Bxc3 Qg5+ 26. Kf1 Qc1+ 27. Be1
Qd1 28. Qxc7 Qxd3+ 29. Kg1 Qg6+ 30. Kf1 Qd3+ 31. Kg1 Qg6+ 32. Kf1 Qd3+ 1/2-1/2

[Event "3. Hrvatska liga zapad 2017."]
[Site "Pula, Gospić, Rijeka"]
[Date "2017.03.25"]
[Round "1.4"]
[White "Zezelj, Milan"]
[Black "Lovric, Dino"]
[Result "1/2-1/2"]
[WhiteElo "1917"]
[BlackElo "1873"]
[PlyCount "32"]
[EventDate "2017.03.25"]

1. e4 d6 2. d4 Nf6 3. Nc3 g6 4. f3 Bg7 5. Be3 O-O 6. Qd2 c6 7. O-O-O Qa5 8. Bh6
b5 9. h4 b4 10. Nb1 Qxa2 11. h5 e5 12. Ne2 Nbd7 13. Bxg7 Kxg7 14. hxg6 fxg6 15.
Qxb4 Qe6 16. dxe5 dxe5 1/2-1/2

[Event "3. Hrvatska liga zapad 2017."]
[Site "Pula, Gospić, Rijeka"]
[Date "2017.03.25"]
[Round "1.4"]
[White "Pahljina, Marko"]
[Black "Kacunko, Jozo"]
[Result "1-0"]
[WhiteElo "1863"]
[BlackElo "1914"]
[PlyCount "107"]
[EventDate "2017.03.25"]

1. d4 e6 2. Nf3 d5 3. c4 Nf6 4. Nc3 Bb4 5. e3 O-O 6. Bd3 dxc4 7. Bxc4 b6 8. O-O
Bxc3 9. bxc3 Bb7 10. Ba3 Re8 11. Re1 Nbd7 12. Qc2 Ne4 13. Bd3 f5 14. c4 c5 15.
Rab1 Qc7 16. Nd2 Ndf6 17. Nxe4 fxe4 18. Be2 cxd4 19. exd4 Rad8 20. Red1 Qf4 21.
Qb3 Ng4 22. Qg3 Qxg3 23. hxg3 Nf6 24. c5 Nd5 25. Bb5 Nc3 26. Bxe8 Nxd1 27. Rxd1
Rxe8 28. Rb1 Bd5 29. Rb2 Rb8 30. Rc2 Rb7 31. Bc1 Rc7 32. Bf4 Rc6 33. Bb8 a6 34.
Bd6 Kf7 35. f3 exf3 36. gxf3 g6 37. Kf2 h5 38. Ke3 Kf6 39. Rh2 Kf5 40. a3 b5
41. Rh4 Kf6 42. Rf4+ Kg7 43. Be5+ Kh6 44. Rf7 g5 45. f4 Rc8 46. Rf6+ Kh7 47.
fxg5 Ra8 48. Rh6+ Kg8 49. Rxh5 Kf7 50. Kf4 a5 51. Rh7+ Kg8 52. g6 Rf8+ 53. Kg4
Bf3+ 54. Kh4 1-0

[Event "3. Hrvatska liga zapad 2017."]
[Site "Pula, Gospić, Rijeka"]
[Date "2017.03.25"]
[Round "1.4"]
[White "Birk, Bojan"]
[Black "Skific, Danijel"]
[Result "1-0"]
[WhiteElo "1980"]
[BlackElo "1785"]
[PlyCount "103"]
[EventDate "2017.03.25"]

1. e4 e6 2. d4 d5 3. exd5 exd5 4. Bd3 Nf6 5. Bg5 Be7 6. Nf3 O-O 7. O-O h6 8.
Bh4 Bg4 9. Nbd2 Nc6 10. c3 Re8 11. Qb3 Na5 12. Qa4 Nc6 13. Rfe1 a6 14. Re3 Qd7
15. Rae1 Bd6 16. Bxf6 gxf6 17. Rxe8+ Rxe8 18. Rxe8+ Qxe8 19. Qb3 Bf4 20. Qxd5
Bxd2 21. Nxd2 Qe1+ 22. Nf1 Be6 23. Qe4 Qxe4 24. Bxe4 Bxa2 25. Bxc6 bxc6 26. Ne3
Be6 27. b4 Kf8 28. Kf1 Ke7 29. Ke2 Kd6 30. Kd3 h5 31. Nc4+ Kd5 32. Na5 Bc8 33.
Nb3 Bf5+ 34. Kd2 Bc8 35. Na5 Bd7 36. Ke3 Bc8 37. c4+ Kd6 38. Nb3 Be6 39. Kd3
Bf5+ 40. Kc3 Bc8 41. Nc5 f5 42. Kd3 h4 43. Ke3 Ke7 44. Kf4 Kf6 45. Nd3 Bb7 46.
Ne5 c5 47. Nd7+ Kg6 48. Nxc5 Bxg2 49. Nxa6 Bf1 50. Nxc7 Bxc4 51. b5 Bf1 52. b6
1-0

[Event "3. Hrvatska liga zapad 2017."]
[Site "Pula, Gospić, Rijeka"]
[Date "2017.03.25"]
[Round "1.5"]
[White "Kauzlaric, Goran"]
[Black "Mazuran, Marijan"]
[Result "1/2-1/2"]
[WhiteElo "1947"]
[BlackElo "2092"]
[PlyCount "46"]
[EventDate "2017.03.25"]

1. d4 c5 2. d5 Nf6 3. c4 d6 4. Nc3 g6 5. Nf3 Bg7 6. g3 O-O 7. Bg2 e6 8. O-O
exd5 9. cxd5 Re8 10. Nd2 Nbd7 11. Nc4 Nb6 12. Nxb6 Qxb6 13. Qc2 a6 14. a4 Qc7
15. h3 b6 16. Bd2 Rb8 17. Rab1 Bb7 18. Rfd1 Nd7 19. b3 Ba8 20. e4 b5 21. axb5
axb5 22. Ne2 Bxd5 23. Bf4 g5 1/2-1/2

[Event "3. Hrvatska liga zapad 2017."]
[Site "Pula, Gospić, Rijeka"]
[Date "2017.03.25"]
[Round "1.5"]
[White "Jezidzic, Gordan"]
[Black "Gall, Toni Peter"]
[Result "1-0"]
[WhiteElo "1991"]
[BlackElo "1735"]
[PlyCount "73"]
[EventDate "2017.03.25"]

1. d4 d5 2. c4 c6 3. Nc3 g6 4. Nf3 Bg7 5. Bf4 Nf6 6. h3 O-O 7. e3 Bf5 8. Rc1 a6
9. Qb3 b5 10. cxd5 cxd5 11. g4 Be6 12. Ng5 Nbd7 13. Bg2 Rc8 14. O-O Nb6 15. Qa3
Ra8 16. b3 h6 17. Nxe6 fxe6 18. Nd1 Qe8 19. Qa5 Nbd7 20. Nb2 g5 21. Bg3 h5 22.
f3 Qg6 23. Rc6 hxg4 24. hxg4 Nxg4 25. fxg4 Rxf1+ 26. Kxf1 Qb1+ 27. Be1 Qxb2 28.
Rxe6 Nf6 29. Rxf6 Rc8 30. Bxd5+ Kh7 31. Rf2 Qc1 32. Qxa6 Bf6 33. Qe6 Rf8 34.
Qf5+ Kg7 35. Be4 Rh8 36. Qg6+ Kf8 37. Bd5 1-0

[Event "3. Hrvatska liga zapad 2017."]
[Site "Pula, Gospić, Rijeka"]
[Date "2017.03.25"]
[Round "1.5"]
[White "Bogdanic, Antonela"]
[Black "Zrilic, Bozo"]
[Result "1/2-1/2"]
[WhiteElo "1710"]
[BlackElo "1903"]
[PlyCount "20"]
[EventDate "2017.03.25"]

1. Nf3 Nf6 2. g3 c6 3. Bg2 d5 4. O-O g6 5. d3 Bg7 6. Nbd2 O-O 7. e4 Bg4 8. e5
Ne8 9. Qe1 Qc8 10. c4 Nc7 1/2-1/2